Las rocas metamórficas /

Guardado en:
Autor Principal: Pomerol, Charles
Otros Autores: Fouet, Robert
Formato: Libro
Publicado: Buenos Aires : Eudeba, 1964
Series:Cuadernos de Eudeba; No. 102
Materias:
Etiquetas: Agregar Etiqueta
Sin Etiquetas, Sea el primero en etiquetar este registro!
LEADER 00810nam a22002055a 4500
001 CEM.cems012831
005 20080421103223.0
008 130507s1964##################000#0#####d
003 CEMS
082 0 4 |a 552.4 
100 1 |a Pomerol, Charles 
245 1 0 |a Las rocas metamórficas /  |c Charles Pomerol, Robert Fouet 
260 |a Buenos Aires :  |b Eudeba,  |c 1964 
300 |a 111 p. 
490 0 |a Cuadernos de Eudeba; No. 102 
505 0 |a Definición y modo de yacimiento de las rocas metamórficas -- Caracteres generales de las rocas metamórficas -- Facies petrográficas y zoneografía de las rocas metamórficas -- El metamorfismo -- La descomposición de las rocas metamórficas 
653 |a Geología 
653 |a Rocas 
700 1 |a Fouet, Robert 
859 |a CEMS  |b BIB. CEMS - 11 de abril  |h 552.4  |i P771  |p 25076.08  |t Ej.1